000 00643nam a22002417a 4500
001 BR4600206
003 BR-BrBNA
005 20230928082928.0
007 ta
008 230509b bl.||||| |||| 00| 0 por d
040 _aBR-BrBNA
_bpor
_cBiblioteca Nacional de Agricultura
041 _a(Por)
072 _aF28
090 _ F28 BR4600206
100 1 _aLord, R.
245 1 _aConservemos este solo
260 3 _aRio de Janeiro, GB (Brasil):
_bServico de Informacao Agricola,
_c1946.
300 _a159 p.
650 _aCONSERVACAO DO SOLO
650 _aPRESERVACAO DA NATUREZA
909 _a202309
_bLucia
_c55
_dLucia Elande
942 _cBK
999 _c10674
_d10674